Ota Filip (1930-2018) - Tomáš Vůjtek (1967), Nanebevstoupení Lojzka Lapáčka ze Slezské Ostravy : fotbalový driblink napříč dějinami dvacátého století

Korporativní autor: Národní divadlo moravskoslezské. Činohra
Další autoři: Filip, Ota, 1930-2018, Vůjtek, Tomáš, 1967-, Divadlo Jiřího Myrona
Jazyk: Čeština
Vydáno: Ostrava : Národní divadlo moravskoslezské, příspěvková organizace statutárního města Ostrava, [2021]
Témata:
Fyzický popis: 155 stran, 12 nečíslovaných stran obrazových příloh : ilustrace (některé barevné), portréty ; 21 cm
Knihy
Uloženo v:
LEADER 02812nam a2200649 i 4500
001 nkc20223392666
003 CZ PrNK
005 20220622123457.0
007 ta
008 220124s2021 xr acf e 000 ddcze
020 |a 978-80-88449-04-1  |q (brožováno) 
040 |a BOA001  |b cze  |d ABA001  |e rda 
043 |a e-xr---  |b e-xr-mo  |2 czenas 
045 |a y2y2 
072 7 |a 792  |x Divadlo. Divadelní představení  |2 Konspekt  |9 3 
080 |a 821.162.3-31  |2 MRF 
080 |a 792=025  |2 MRF 
080 |a 792.2  |2 MRF 
080 |a (437.326)  |2 MRF 
080 |a (083.97)  |2 MRF 
080 |a (0:82-2)  |2 MRF 
245 0 0 |a Ota Filip (1930-2018) - Tomáš Vůjtek (1967), Nanebevstoupení Lojzka Lapáčka ze Slezské Ostravy :  |b fotbalový driblink napříč dějinami dvacátého století 
246 3 0 |a Ota Filip - Tomáš Vůjtek, Nanebevstoupení Lojzka Lapáčka ze Slezské Ostravy 
264 1 |a Ostrava :  |b Národní divadlo moravskoslezské, příspěvková organizace statutárního města Ostrava,  |c [2021] 
300 |a 155 stran, 12 nečíslovaných stran obrazových příloh :  |b ilustrace (některé barevné), portréty ;  |c 21 cm 
336 |a text  |b txt  |2 rdacontent 
337 |a bez média  |b n  |2 rdamedia 
338 |a svazek  |b nc  |2 rdacarrier 
500 |a "Světová premiéra 29. ledna 2022 v Divadle Jiřího Myrona"--Obálka 
500 |a Na obálce nad názvem: Národní divadlo moravskoslezské, Činohra 
505 2 |a Nanebevstoupení Lojzka Lapáčka ze Slezské Ostravy / Ota Filip, Tomáš Vůjtek 
610 2 7 |a Divadlo Jiřího Myrona  |7 kn20010709304  |2 czenas 
648 4 |a 1974 
648 7 |a 20. století  |7 ch460558  |2 czenas 
648 7 |a 2022  |7 ch1186030  |2 czenas 
648 7 |a 2021-2030  |7 ch1094457  |2 czenas 
650 0 7 |a český román  |7 ph128149  |y 20. století  |2 czenas 
650 0 7 |a divadelní adaptace  |7 ph117224  |2 czenas 
650 0 7 |a činohry  |7 ph128179  |z Česko  |y 2021-2030  |2 czenas 
650 0 9 |a Czech fiction  |y 20th century  |2 eczenas 
650 0 9 |a stage adaptations  |2 eczenas 
650 0 9 |a drama stages  |z Czechia  |y 2021-2030  |2 eczenas 
651 7 |a Ostrava (Česko)  |7 ge128537  |2 czenas 
651 9 |a Ostrava (Czechia)  |2 eczenas 
655 7 |a divadelní programy  |7 fd132033  |2 czenas 
655 7 |a dramata  |7 fd132072  |2 czenas 
655 9 |a playbills  |2 eczenas 
655 9 |a drama  |2 eczenas 
700 1 |a Filip, Ota,  |d 1930-2018  |7 jk01031164  |4 ant 
700 1 2 |a Vůjtek, Tomáš,  |d 1967-  |t Nanebevstoupení Lojzka Lapáčka ze Slezské Ostravy 
710 2 |a Národní divadlo moravskoslezské.  |b Činohra  |7 osa2012730780  |4 orm 
710 2 |a Divadlo Jiřího Myrona  |7 kn20010709304  |4 orm 
910 2 |a BOA001  |b 2-1482.696 
990 |a BK 
995 |a 11 
991 |b 202204  |c NOV 
996 6 |b 2610895819  |c 2-1482.696  |l MZK  |r Sklad / do 1 hodiny  |n 0  |p p.v.  |w 001879162  |u 000010  |a 1  |e BOA001  |j MZK50  |s P